Loading...
| Current Events | 1 | 10.00 | 0% | 100% | 0% |
| Fine Arts - Auditory | 6 | 10.00 | 100% | 0% | 0% |
| Fine Arts - Other | 6 | 11.67 | 100% | 17% | 0% |
| Fine Arts - Visual | 5 | 12.00 | 100% | 20% | 0% |
| Geography | 4 | 12.50 | 100% | 25% | 0% |
| History - American | 4 | 15.00 | 75% | 75% | 0% |
| History - Ancient | 1 | 10.00 | 100% | 0% | 0% |
| History - Ancient/Other | 5 | 18.00 | 100% | 60% | 20% |
| History - European | 7 | 15.71 | 100% | 57% | 0% |
| History - World | 4 | 12.50 | 100% | 25% | 0% |
| Literature - American | 6 | 16.67 | 100% | 50% | 17% |
| Literature - British | 7 | 17.14 | 100% | 57% | 14% |
| Literature - European | 2 | 10.00 | 100% | 0% | 0% |
| Literature - World | 6 | 8.33 | 50% | 33% | 0% |
| Mythology | 1 | 20.00 | 100% | 100% | 0% |
| Other Academic | 3 | 10.00 | 100% | 0% | 0% |
| Philosophy | 5 | 10.00 | 60% | 40% | 0% |
| Religion | 5 | 14.00 | 100% | 40% | 0% |
| Science - Biology | 6 | 15.00 | 100% | 50% | 0% |
| Science - Chemistry | 7 | 18.57 | 100% | 57% | 29% |
| Science - Other | 5 | 14.00 | 80% | 60% | 0% |
| Science - Physics | 9 | 15.56 | 89% | 56% | 11% |
| Social Science | 10 | 12.00 | 100% | 20% | 0% |